Estatísticas para Os 15 principais países com mortes por Covid19 - 1° Maio 2021

Clique aqui para jogar o quiz

Estatísticas Gerais

  • Esse quiz foi jogado 10 vezes
  • A pontuação média é 13 de 24

Estatísticas das Respostas

país% Correto
Brasil
100%
Estados Unidos
100%
Índia
100%
Itália
100%
Espanha
86%
Rússia
86%
Alemanha
71%
Colômbia
71%
França
71%
México
71%
Argentina
57%
Reino Unido
57%
Bélgica
43%
Irão
43%
Peru
43%
Bósnia e Herzegovina
29%
Chéquia
29%
Eslováquia
29%
Eslovénia
29%
Hungria
29%
Polônia
29%
Bulgária
14%
Croácia
14%
Macedónia do Norte
14%

Distribuição das Pontuações

Percentil de Números Respondidos

Porcentagem de Pessoas com Cada Pontuação

Sua Pontuação Histórica

Você não jogou esse quiz